[Event "World Team-ch 2017"]
[Site "Khanty-Mansyisk"]
[Date "2017.06.18"]
[Round "2"]
[White "Ding, Liren"]
[Black "Vidit, Santosh Gujrathi"]
[Result "1/2-1/2"]
[WhiteElo "2783"]
[BlackElo "2692"]
[Annotator "TA"]
[PlyCount "102"]
[EventDate "2017.??.??"]
[EventType "team-tourn"]
[EventCountry "RUS"]
[SourceTitle "playchess.com"]
[Source "ChessBase"]
[SourceQuality "1"]
[WhiteTeam "CHN"]
[BlackTeam "IND"]
[WhiteTeamCountry "CHN"]
[BlackTeamCountry "IND"]

{[%evp 12,102,13,26,27,32,41,28,39,40,33,30,47,14,29,37,32,30,37,42,56,7,24,-48,50,55,39,43,43,49,49,7,70,54,86,41,39,51,36,26,26,24,21,22,29,0,0,0,0,0,0,0,33,45,34,9,29,22,30,-54,0,0,19,18,47,82,70,78,88,83,104,101,114,22,22,26,29,0,45,0,0,-132,-131,-135,-85,-118,0,0,0,-90,0,0,0]} 1. Nf3 c5 2. e4 d6 3. d4 cxd4 4. Nxd4 Nf6 5. Nc3 a6 6. h3 e6 7. g4 {[%cal Bg2g4,Bg4g5][%mdl 32]} Be7 {B81: Sicilian Scheveningen: Keres Attack} 8. g5 Nfd7 9. Be3 b5 {White has an edge.} 10. a3 Bb7 11. h4 Nc6 12. Rg1 Nc5 13. f3 $146 ({Predecessor:} 13. Nxc6 Bxc6 14. f3 O-O 15. Qd2 {½-½ (56) Sjugirov,S (2664)-Debashis,D (2489) Abu Dhabi 2015}) 13... O-O 14. Qd2 Rb8 15. h5 Qc7 16. Qh2 Nxd4 17. Bxd4 e5 ({Black should play} 17... f5 $1 $15 18. gxf6 Bxf6 19. Bxf6 Rxf6) 18. Be3 $14 f5 {[%cal Rf5e4]} 19. gxf6 $1 Bxf6 20. O-O-O Ne6 21. Kb1 Nf4 ({Black should try} 21... Nd4 $11 22. Qg2 Bc6) 22. Bh3 Bc6 23. Bxf4 exf4 24. Be6+ Kh8 25. Nd5 Bxd5 $1 26. Bxd5 b4 27. a4 $1 Qe7 {[#] ...Qe5 is the strong threat.} 28. Qd2 ({Much worse is} 28. Qxf4 Bxb2 29. Qe3 Be5 $15) 28... Qe5 {[%csl Gf6][%cal Re5b2]} 29. Qc1 h6 30. Bb3 Qxh5 31. Rg4 Qe5 32. Rd5 ({Wrong is} 32. Rxf4 $2 Bg5 $19) 32... Qe7 33. Ra5 ({But not} 33. Qxf4 Be5 $11) 33... Qa7 34. Rxf4 Be5 35. Rh4 (35. Rf5 $11) 35... Rxf3 {[#]} (35... Kh7 $1 $15) 36. Rxa6 $1 $11 {[%mdl 512]} Qe7 (36... Qb7 $5 {[%cal Rf3b3]} 37. Bd5 Qc7 $14) (36... Qxa6 37. Rxh6+) 37. Rh1 Rc8 {White must now prevent ...Rxb3!} 38. Qd2 Qf6 39. Ka2 Rb8 40. Qd5 Kh7 41. Ra8 Qd8 42. Ra7 (42. Rxb8 $16 Qxb8 43. a5) 42... Qb6 43. Rd7 Qe3 44. a5 $40 {[%mdl 128] White mounts an attack.} Qe2 45. Qe6 {[%csl Ge6][%cal Rh1h6]} Qe3 $1 46. a6 (46. Kb1 $11 {remains equal.}) 46... Ra8 $17 {Strongly threatening ...Rf6.} 47. Kb1 Rff8 48. Qc4 Rfc8 49. Qf1 Rf8 $1 {[%cal Rf8f1]} 50. Qc4 $1 Rfc8 (50... Qb6 $17) 51. Qf1 {Threatens to win with Qf5+.} Rf8 $1 {Precision: White = 51%, Black = 47%.} 1/2-1/2

[Event "World Team-ch 2017"]
[Site "Khanty-Mansyisk"]
[Date "2017.06.18"]
[Round "2"]
[White "Svidler, Peter"]
[Black "Solak, Dragan"]
[Result "1/2-1/2"]
[WhiteElo "2756"]
[BlackElo "2641"]
[Annotator "TA"]
[PlyCount "51"]
[EventDate "2017.??.??"]
[EventType "team-tourn"]
[EventCountry "RUS"]
[SourceTitle "playchess.com"]
[Source "ChessBase"]
[SourceQuality "1"]
[WhiteTeam "RUS"]
[BlackTeam "TUR"]
[WhiteTeamCountry "RUS"]
[BlackTeamCountry "TUR"]

{[%evp 18,51,11,0,5,0,37,19,21,20,43,42,43,43,39,39,53,43,55,19,12,12,75,49,59,51,65,57,47,42,43,0,45,0,59,0]} 1. Nf3 d6 2. d4 Nf6 3. c4 g6 4. Nc3 Bg7 5. Bg5 h6 6. Bh4 g5 7. Bg3 Nh5 8. e3 c5 {E61: King's Indian: Early deviations for White, including Smyslov System} 9. d5 Nd7 10. Qc2 {LiveBook: 4 Games} (10. Be2 O-O 11. Qc2 Ndf6 12. Nd2 Bd7 13. O-O a6 14. Nce4 Nxg3 15. Nxg3 e6 16. Rad1 exd5 17. cxd5 {0-1 (40) Graf,F (2493)-Aronian,L (2795) Germany 2014}) 10... Nxg3 {The position is equal.} 11. hxg3 Ne5 12. Be2 Nxf3+ $146 ({Predecessor:} 12... Qa5 13. Nd2 Bd7 14. Rc1 a6 15. a4 O-O-O 16. Bd3 {0-1 (35) Carrasco Martinez,J (2434)-Komljenovic,D (2428) Navalmoral 2008}) 13. gxf3 Qa5 14. Kf1 Bd7 15. f4 gxf4 16. exf4 a6 17. Kg2 b5 18. a3 Rb8 19. Rab1 b4 (19... Kf8 $11) 20. axb4 Qxb4 21. Bd3 Kd8 22. Qe2 Bf6 23. Ne4 Bd4 24. Nc3 Bf6 25. Ne4 Bd4 26. Nc3 {Precision: White = 78%, Black = 53%.} ({White should try} 26. Qh5 $14) 1/2-1/2

[Event "World Team-ch 2017"]
[Site "Khanty-Mansyisk"]
[Date "2017.06.18"]
[Round "2"]
[White "Wojtaszek, Radoslaw"]
[Black "Shankland, Samuel L"]
[Result "1-0"]
[WhiteElo "2730"]
[BlackElo "2676"]
[Annotator "TA"]
[PlyCount "49"]
[EventDate "2017.??.??"]
[EventType "team-tourn"]
[EventCountry "RUS"]
[SourceTitle "playchess.com"]
[Source "ChessBase"]
[SourceQuality "1"]
[WhiteTeam "POL"]
[BlackTeam "USA"]
[WhiteTeamCountry "POL"]
[BlackTeamCountry "USA"]

{[%evp 14,49,17,3,6,12,27,19,24,9,20,22,20,33,92,97,95,87,89,88,96,99,139,130,196,208,206,190,354,112,537,526,522,502,708,696,981,987]} 1. d4 Nf6 2. c4 g6 3. g3 c6 4. Nf3 Bg7 5. Bg2 d5 6. Nbd2 O-O 7. O-O a5 8. b3 Ne4 {D78: Fianchetto Grünfeld: 6 0-0 c6} (8... a4 9. Ba3 Bf5 10. e3 Nbd7 11. Qe2 Re8 12. cxd5 cxd5 13. Rfc1 Qb6 14. Bf1 e5 15. Qb5 Ne4 16. Qxb6 Nxb6 17. Nxe4 Bxe4 18. Nxe5 Rxe5 19. dxe5 Bxe5 20. bxa4 Rxa4 {½-½ (49) Topalov,V (2760)-Caruana,F (2823) Saint Louis 2016}) 9. e3 Bg4 $146 ({Predecessor:} 9... Bf5 10. Bb2 a4 11. Nxe4 Bxe4 12. Qe2 Nd7 13. cxd5 cxd5 14. Qb5 Nf6 15. Ne5 Bxg2 16. Kxg2 Ne4 17. bxa4 e6 18. Ba3 Re8 19. Nd3 {½-½ (31) Nikolic,P (2657)-Efimenko,Z (2624) Germany 2008}) 10. Ba3 b5 {The position is equal.} 11. cxd5 cxd5 12. Qc1 b4 {aiming for ...Nxd2.} 13. Bb2 Na6 (13... Bf5 $14) 14. Nxe4 $16 dxe4 15. Ng5 $1 e5 16. Nxe4 exd4 17. Bxd4 Bxd4 18. exd4 {Qf4 is the strong threat.} Qxd4 (18... Bf5 $16 19. Qf4 Bxe4 20. Bxe4 (20. Qxe4 Nc7 $16) 20... Ra7) 19. Qg5 $18 {And now Nf6+ would win.} Be2 {[#]} 20. Rfe1 $1 {Strongly threatening Rac1.} (20. Nf6+ Kg7 $11) 20... Rac8 $2 {[#]} (20... Ra7 21. Rac1 (21. Qxa5 Nc7 $16) 21... f6 22. Nxf6+ (22. Qxa5 Nc7 $16) 22... Qxf6 23. Qd5+ Qf7) 21. Rac1 $2 ({Weaker is} 21. Qxa5 Nc5 $14) (21. Qf6 $1 $18 {[%cal Rf6d4]} Qxf6 22. Nxf6+ Kg7 23. Rxe2) 21... Qb2 $2 {[%mdl 8192]} (21... Rxc1 $16 {is tougher.} 22. Qxc1 Bd3) 22. Rxc8 {White is clearly winning.} Rxc8 23. Nd6 Rf8 24. Qe7 Bh5 25. Bd5 {Precision: White = 59%, Black = 24%.} 1-0

[Event "World Team-ch 2017"]
[Site "Khanty-Mansyisk"]
[Date "2017.06.18"]
[Round "2"]
[White "Wei, Yi"]
[Black "Sasikiran, Krishnan"]
[Result "1/2-1/2"]
[WhiteElo "2728"]
[BlackElo "2669"]
[Annotator "TA"]
[PlyCount "112"]
[EventDate "2017.??.??"]
[EventType "team-tourn"]
[EventCountry "RUS"]
[SourceTitle "playchess.com"]
[Source "ChessBase"]
[SourceQuality "1"]
[WhiteTeam "CHN"]
[BlackTeam "IND"]
[WhiteTeamCountry "CHN"]
[BlackTeamCountry "IND"]

{[%evp 28,112,23,8,12,7,25,18,22,24,43,29,32,22,58,0,15,0,0,-91,-84,-106,-115,-159,-124,-114,-117,-180,-151,-166,-168,-161,-147,-201,-207,-176,-178,-208,-134,-133,-140,-116,-72,-69,-66,-72,0,-8,0,0,0,0,0,0,10,10,10,0,0,-17,0,0,0,0,0,0,0,0,0,0,0,0,0,0,0,-97,-24,-24,-25,-25,-35,-31,-19,-19,-19,-11,0]} 1. e4 e5 2. Nf3 Nc6 3. Bb5 a6 4. Ba4 Nf6 5. O-O Be7 6. d3 b5 7. Bb3 d6 8. a4 b4 9. a5 O-O 10. Nbd2 Rb8 {C84: Closed Ruy Lopez: Unusual White 6th moves} 11. h3 (11. Re1 Be6 12. Bxe6 fxe6 13. Nb3 Qe8 14. d4 exd4 15. Nbxd4 Nxd4 16. Nxd4 Qd7 17. Qe2 c5 18. Nf3 e5 19. Bg5 Qb5 {1-0 (49) So,W (2808)-Gozzoli,Y (2583) chess.com INT 2017}) 11... Be6 12. Nc4 h6 13. Re1 Qc8 14. Be3 Rd8 15. Qe2 {LiveBook: 17 Games} Bf8 16. Nfd2 Re8 17. Ba4 Bd7 18. Qf3 Kh7 {[#]} 19. Nf1 $146 ({Predecessor:} 19. c3 bxc3 20. bxc3 {0-1 (72) Kosteniuk,A (2520)-Fressinet,L (2650) Villandry 2007}) 19... Ne7 {[%cal Bc6e7,Be7g6,Bg6h4][%mdl 32]} 20. Bxd7 Qxd7 21. Ng3 (21. d4 $14) 21... Ng6 22. d4 (22. Nh5 $5 {[%cal Rf3f6]} Nxh5 23. Qxh5 $11) 22... Qc6 23. b3 {[#]} (23. dxe5 $11 {keeps the balance.} Nxe5 24. Nxe5 dxe5 25. Rec1) 23... Nh4 $1 $17 {[%cal Rh4f3]} 24. Qe2 Nxe4 25. dxe5 Nc3 {[%csl Gh4][%cal Rc6g2]} 26. Qf1 d5 27. Nd2 (27. Nb2 $17) 27... Rxe5 28. Qd3+ Kg8 {aiming for ...d4!} 29. Qd4 Qf6 30. Qg4 (30. Qf4 $17) 30... Rbe8 $19 31. Ndf1 {intending Bd4.} Nf5 32. Nxf5 Qxf5 33. Qxf5 Rxf5 34. Bd4 Re6 35. Ne3 Rh5 36. g4 {[#]} Rxh3 (36... Rg6 $1 $17 37. Kg2 Bd6) 37. Kg2 $36 {[%mdl 2048] White is pushing.} Rh4 {Hoping for ...Nb5.} (37... Rhxe3 $5 38. Rxe3 Rxe3 39. Bxe3 (39. fxe3 Ne4 $15) 39... f6 $11) 38. Bxc3 $1 bxc3 39. Kg3 g5 {...Bd6+ is the strong threat.} 40. Ng2 $1 Bd6+ 41. f4 Rf6 {[%cal Rd6f4]} 42. Rf1 d4 43. Rad1 c5 (43... Rxf4 $5 44. Nxf4 h5 45. Rxd4 Rxg4+ 46. Kf3 Bxf4 $15) 44. b4 cxb4 {Strongly threatening ...h5.} 45. Rxd4 b3 46. cxb3 c2 47. Rc1 Ba3 48. Rxc2 Rh1 49. Rc8+ Kg7 50. Rdd8 {Intending Rg8+ and mate.} Re6 ({Avoid the trap} 50... gxf4+ $2 51. Nxf4 Rd6 52. Nh5+ Rxh5 53. gxh5 $18) 51. Re8 (51. fxg5 $11 hxg5 52. Rg8+ Kf6 53. Rc3) 51... Rb1 (51... Rxe8 $17 52. Rxe8 Rb1) 52. Rxe6 $11 fxe6 53. Rc6 Rxb3+ 54. Kf2 Rb5 55. fxg5 hxg5 56. Rxa6 Bb4 {Precision: White = 60%, Black = 61%.} 1/2-1/2

[Event "World Team-ch 2017"]
[Site "Khanty-Mansyisk"]
[Date "2017.06.18"]
[Round "2"]
[White "Matlakov, Maxim"]
[Black "Can, Emre"]
[Result "1/2-1/2"]
[WhiteElo "2707"]
[BlackElo "2589"]
[Annotator "TA"]
[PlyCount "81"]
[EventDate "2017.??.??"]
[EventType "team-tourn"]
[EventCountry "RUS"]
[SourceTitle "playchess.com"]
[Source "ChessBase"]
[SourceQuality "1"]
[WhiteTeam "RUS"]
[BlackTeam "TUR"]
[WhiteTeamCountry "RUS"]
[BlackTeamCountry "TUR"]

{[%evp 25,81,54,62,30,35,10,32,-14,-21,-12,-13,-70,24,-12,0,-10,12,7,0,0,0,16,16,16,16,16,16,25,25,35,32,29,22,14,16,16,19,6,21,21,19,0,0,0,0,0,0,0,293,0,0,0,0,0,0,0,0,0]} 1. d4 Nf6 2. c4 g6 3. Nc3 Bg7 4. e4 d6 5. h3 O-O 6. Be3 e5 7. d5 Na6 8. Nf3 Nc5 9. Nd2 a5 10. Be2 Bd7 11. g4 c6 12. h4 {E92: King's Indian: Classical: 6 Be2 e5: 7 dxe5, 7 Be3 and Petrosian System without 7...Nbd7} cxd5 13. cxd5 Rc8 {[#] LiveBook: 3 Games} 14. f3 $146 {White is slightly better.} ({Predecessor:} 14. g5 Nh5 15. Bxc5 Rxc5 16. Bxh5 gxh5 17. Qxh5 b5 18. a4 bxa4 19. Qd1 Qc7 20. Nxa4 {0-1 (45) Grischuk,A (2751)-Naiditsch,A (2686) Novi Sad 2016}) 14... a4 15. Rc1 b5 {[%cal Bb7b5,Bb5b4][%mdl 32]} 16. Kf2 b4 17. Ncb1 Ne8 $1 18. h5 ({Better is} 18. a3 $11) 18... Bf6 (18... f5 $1 $15 19. hxg6 hxg6 20. gxf5 gxf5) 19. Kg2 Bg5 20. Qg1 $1 h6 21. hxg6 fxg6 22. Nc4 {And now Nxe5! would win.} Bb5 23. Nbd2 Rc7 24. Qf2 {Nxe5! is the strong threat.} Qf6 25. Bxg5 Qxg5 26. Qh4 Qxh4 27. Rxh4 Kg7 28. Rch1 Rh8 29. Kf2 Nb7 30. Ke3 Nf6 {[%cal Be8f6,Bf6h5,Bh5g3][%mdl 32] [#]} 31. g5 $1 {[%mdl 512]} Nh5 (31... hxg5 32. Rxh8) 32. gxh6+ Rxh6 33. f4 exf4+ 34. Kd4 {[%cal Re2h5]} Bxc4 35. Nxc4 Ng3 $1 {[%cal Rg3e2]} 36. Rxh6 {[#] aiming for Rh7+.} Nxe2+ 37. Kd3 Nc1+ $1 {The position is equal.} 38. Kd4 Ne2+ 39. Kd3 Nc1+ $1 40. Kd4 {Strongly threatening Rh7+.} Ne2+ 41. Kd3 {Precision: White = 48%, Black = 73%.} 1/2-1/2

[Event "World Team-ch 2017"]
[Site "Khanty-Mansyisk"]
[Date "2017.06.18"]
[Round "2"]
[White "Onischuk, Alexander"]
[Black "Duda, Jan-Krzysztof"]
[Result "1/2-1/2"]
[WhiteElo "2685"]
[BlackElo "2697"]
[Annotator "TA"]
[PlyCount "45"]
[EventDate "2017.??.??"]
[EventType "team-tourn"]
[EventCountry "RUS"]
[SourceTitle "playchess.com"]
[Source "ChessBase"]
[SourceQuality "1"]
[WhiteTeam "USA"]
[BlackTeam "POL"]
[WhiteTeamCountry "USA"]
[BlackTeamCountry "POL"]

{[%evp 21,45,23,21,21,22,23,30,22,13,6,19,3,18,4,4,4,4,0,0,0,0,0,0,0,0,0]} 1. d4 d5 2. c4 c6 3. e3 Nf6 4. Nf3 e6 5. Nbd2 Nbd7 6. Bd3 Bd6 7. O-O O-O 8. e4 e5 9. cxd5 cxd5 10. Re1 h6 {D05: Colle System with ...e6} (10... Re8 11. exd5 exd4 12. Rxe8+ Qxe8 13. Nc4 Bf8 14. Bf4 Nc5 15. d6 Bg4 16. h3 Nxd3 17. Qxd3 Bxf3 18. Qxf3 {½-½ (39) Wang,Y (2730)-Ding,L (2778) Danzhou 2016}) 11. exd5 exd4 {LiveBook: 12 Games} 12. Nc4 Nb6 13. Nxd6 Qxd6 14. Nxd4 Nbxd5 {[#] The position is equal.} 15. Bf1 $146 ({Predecessor:} 15. Qb3 Ng4 16. Nf3 Be6 17. Qa4 Rfd8 18. Bf1 {½-½ (44) Potkin,V (2605)-Mikaelyan,A (2418) Jerusalem 2015}) 15... Rd8 {[%cal Bf8d8,Bd8d5,Bd5e5][%mdl 32]} 16. Nb5 Qb6 17. Qf3 Bd7 18. Nc3 Bc6 19. Nxd5 Rxd5 20. b3 Re5 21. Qc3 {[#]} Ng4 $1 {[%mdl 512]} 22. Be3 $1 {[%cal Re3b6]} Nxe3 23. Qxe5 {Precision: White = 40%, Black = 92%.} 1/2-1/2

[Event "World Team-ch 2017"]
[Site "Khanty-Mansyisk"]
[Date "2017.06.18"]
[Round "2"]
[White "Adhiban, B."]
[Black "Yu, Yangyi"]
[Result "0-1"]
[WhiteElo "2670"]
[BlackElo "2749"]
[Annotator "TA"]
[PlyCount "88"]
[EventDate "2017.??.??"]
[EventType "team-tourn"]
[EventCountry "RUS"]
[SourceTitle "playchess.com"]
[Source "ChessBase"]
[SourceQuality "1"]
[WhiteTeam "IND"]
[BlackTeam "CHN"]
[WhiteTeamCountry "IND"]
[BlackTeamCountry "CHN"]

{[%evp 9,88,-8,2,-2,0,-13,2,0,0,0,0,0,4,0,0,0,0,0,0,0,0,7,13,10,12,15,0,-38,-40,-45,-60,-49,-24,-35,-37,-28,-16,-35,-40,-37,-43,-41,-30,-42,-29,-70,-70,-70,-70,-73,-30,-70,-44,-184,-205,-221,-195,-241,-231,-223,-235,-253,-241,-487,-366,-335,-273,-293,-252,-368,-368,-364,-362,-368,-361,-353,-346,-337,-331,-318,-314]} 1. e4 e5 2. Nc3 Nc6 3. g3 Bc5 4. Bg2 a6 5. Nge2 d6 (5... Nge7 6. O-O O-O 7. d3 d6 8. Be3 Bg4 9. Qd2 Qd7 10. d4 exd4 11. Nxd4 Ne5 12. b3 Bxd4 13. Bxd4 {0-1 (74) Khusnutdinov,R (2476)-Le,Q (2718) Almaty 2016}) 6. O-O {C25: Vienna Game: Alternatives to 2...Nf6} Nge7 7. Nd5 O-O 8. c3 {The position is equal.} Nxd5 9. exd5 Ne7 10. d4 exd4 11. Nxd4 Nf5 12. Nf3 Qf6 $146 ({Predecessor:} 12... h6 13. b4 Bb6 14. Bb2 Bd7 15. c4 a5 16. a3 Re8 17. Qc2 axb4 18. axb4 Rxa1 19. Bxa1 Qe7 20. Qc3 Qf8 21. Rc1 c5 {½-½ (21) Szuk,B (2392)-Feher,A (2372) Hungary 2013}) 13. b4 Ba7 14. Bb2 Re8 15. Qd2 Qh6 16. Rfe1 {[%cal Re1e8]} Bd7 17. Qxh6 Nxh6 18. h3 Nf5 19. Nd4 Bxd4 20. cxd4 a5 21. Rec1 Rec8 $1 22. bxa5 Rxa5 23. Bc3 Ra4 24. Rab1 b6 25. Rb2 h5 26. Bf3 Nxd4 27. Bxd4 Rxd4 28. Rbc2 Bxh3 29. Rxc7 Ra8 30. R1c6 h4 31. Kh2 (31. Rxb6 $15 hxg3 32. fxg3) 31... Bf5 $19 32. gxh4 Rxh4+ (32... Rxa2 33. Kg2 $17) 33. Kg3 {[#]} Rh3+ $1 34. Kg2 {[#]} Rh6 $1 ({Not} 34... Rxa2 35. Rxd6 Ra3 36. Be2 $17) 35. Kg3 Rxa2 36. Rxb6 $2 (36. Rc3) 36... Rg6+ 37. Kf4 Rf6 ({Weaker is} 37... Rxf2 38. Rb8+ Kh7 39. Rxf7 $15) 38. Rb4 Ra3 ({Don't play} 38... Rxf2 39. Kg3 $19) 39. Kg3 {[#]} (39. Bg4 {was the only defense.}) 39... Be4 $1 {[%mdl 512]} 40. Rxe4 {And now Re8+ would win.} Raxf3+ 41. Kg4 Rxf2 42. Rc3 Rg6+ 43. Kh3 Rh6+ 44. Kg3 Rf5 {Precision: White = 55%, Black = 76%.} 0-1

[Event "World Team-ch 2017"]
[Site "Khanty-Mansyisk"]
[Date "2017.06.18"]
[Round "2"]
[White "Negi, Parimarjan"]
[Black "Li, Chao b"]
[Result "1/2-1/2"]
[WhiteElo "2670"]
[BlackElo "2720"]
[Annotator "TA"]
[PlyCount "148"]
[EventDate "2017.??.??"]
[EventType "team-tourn"]
[EventCountry "RUS"]
[SourceTitle "playchess.com"]
[Source "ChessBase"]
[SourceQuality "1"]
[WhiteTeam "IND"]
[BlackTeam "CHN"]
[WhiteTeamCountry "IND"]
[BlackTeamCountry "CHN"]

{[%evp 20,148,27,24,18,13,16,14,17,15,12,3,0,-3,-3,-7,0,0,0,0,0,-8,-6,-22,-10,-27,42,45,43,42,41,41,123,42,41,43,43,39,43,0,0,0,4,7,21,0,15,0,0,0,0,0,0,0,0,0,0,0,0,0,0,0,0,0,0,0,0,0,0,0,0,0,0,0,0,0,0,0,0,0,0,0,0,0,0,0,0,0,0,0,0,0,0,0,0,0,0,0,0,0,0,0,0,0,0,0,0,0,0,0,0,0,0,0,0,0,0,0,0,0,0,0,0,0,0,0,0,0,0,0,0]} 1. e4 e5 2. Nf3 Nf6 {[%cal Bg8f6,Bf6e4,Be4d6,Bd6f5][%mdl 32]} 3. Nxe5 d6 4. Nf3 Nxe4 5. d4 d5 6. Bd3 Nc6 7. O-O Be7 8. Nbd2 Nd6 {C42: Petroff Defence: 3 Nxe5 and unusual White 3rd moves} 9. c3 Bf5 10. Bxf5 Nxf5 11. Qb3 {LiveBook: 5 Games} b6 12. Re1 Qd7 13. Nf1 f6 14. Qc2 O-O {[#]} 15. Be3 $146 ({Predecessor:} 15. Bf4 Bd6 16. Bxd6 Nxd6 {½-½ (32) Vachier Lagrave,M (2796)-Yu,Y (2738) Caleta 2017}) 15... Bd6 16. Re2 Rae8 17. Rae1 Nd8 18. Bc1 Rxe2 19. Qxe2 c6 20. h4 g6 21. h5 gxh5 22. Ne3 Re8 {[#]} (22... Ng7 $11) 23. Nxd5 $1 $14 {[%mdl 512]} Rxe2 (23... cxd5 24. Qxe8+) 24. Nxf6+ Kf7 $1 25. Nxd7 Rxe1+ 26. Nxe1 Ke6 27. Ne5 $1 Bxe5 28. dxe5 Kxe5 {[%mdl 4096] Endgame KBN-KNN} 29. Nf3+ Ke4 {The position is equal.} 30. Kf1 Ne6 31. Ke2 b5 32. g3 c5 33. Bg5 c4 34. Bf6 a5 35. Ng5+ Nxg5 36. Bxg5 $11 {KB-KN} a4 37. Bf6 Nd6 38. Bd4 Kd5 39. a3 Nf5 40. Bf6 $1 Ke4 41. Bg5 Ng7 42. Be7 Ne6 43. f3+ Kf5 44. Ke3 Ke5 45. Bb4 Ng7 46. Bc5 Kd5 47. Bf8 Ne6 48. Be7 Ke5 49. g4 Nc7 50. f4+ $1 Ke6 51. Bd8 Nd5+ 52. Ke4 $1 hxg4 {...Nf6+ is the strong threat.} 53. f5+ Kd7 54. Bh4 Ne7 55. Kf4 h5 56. Kg5 {Threatens to win with f6.} Ke8 57. f6 Nd5 58. Kxh5 g3 {Strongly threatening ...g2.} 59. Kg6 g2 60. f7+ Kf8 61. Bf2 {Intending Bc5+ and mate.} Nf4+ 62. Kf6 $1 {[%cal Rf2c5]} Nd5+ $1 ({Worse is} 62... Nd3 63. Be3 g1=Q 64. Bh6+ Qg7+ 65. Bxg7#) 63. Ke5 Nc7 $1 64. Kd6 Na6 65. Ke6 {Threatening mate with Kf6.} Nc7+ 66. Kd6 Na6 67. Kc6 {aiming for Kb7.} b4 $1 {[%cal Rb4a3] White must now prevent ...bxa3.} 68. Kb5 ({Not} 68. cxb4 $2 {[#]} Nxb4+ $1 {[%mdl 512]} 69. Kb5 (69. axb4 $2 c3 $19) 69... Nd3 $17) 68... bxa3 69. bxa3 Nc7+ 70. Kxc4 Kxf7 71. Kc5 Ke6 72. c4 Kd7 73. Kb4 Kc6 74. Kxa4 Ne6 {Precision: White = 82%, Black = 84%.} 1/2-1/2

[Event "World Team-ch 2017"]
[Site "Khanty-Mansyisk"]
[Date "2017.06.18"]
[Round "2"]
[White "Xiong, Jeffery"]
[Black "Bartel, Mateusz"]
[Result "1/2-1/2"]
[WhiteElo "2658"]
[BlackElo "2637"]
[Annotator "TA"]
[PlyCount "107"]
[EventDate "2017.??.??"]
[EventType "team-tourn"]
[EventCountry "RUS"]
[SourceTitle "playchess.com"]
[Source "ChessBase"]
[SourceQuality "1"]
[WhiteTeam "USA"]
[BlackTeam "POL"]
[WhiteTeamCountry "USA"]
[BlackTeamCountry "POL"]

{[%evp 10,107,8,2,18,20,24,22,15,15,14,26,31,32,56,44,45,38,57,63,54,54,56,49,62,63,95,75,72,75,70,75,86,64,66,68,68,62,62,64,71,73,95,64,58,61,64,61,68,42,79,14,15,12,12,14,14,16,40,8,8,8,8,8,8,8,53,0,8,8,8,8,8,8,8,8,8,8,8,8,8,8,8,8,8,8,8,8,8,8,8,8,8,8,8,8,8,8,8,8]} 1. d4 d5 2. Bf4 c5 3. e3 Nc6 4. c3 Bf5 (4... Nf6 5. Nd2 e6 6. Ngf3 Bd6 7. Bg3 O-O 8. Bb5 Ne7 9. Bd3 b6 10. e4 Bxg3 11. hxg3 dxe4 12. Nxe4 Ng6 13. dxc5 Bb7 14. Nxf6+ Qxf6 15. cxb6 e5 16. Bxg6 hxg6 {0-1 (23) Carlsen,M (2840)-Korobov,A (2692) Doha 2016}) 5. Nd2 e6 6. Ngf3 {LiveBook: 6 Games. D00: 1 d4 d5: Unusual lines} Bd6 7. dxc5 $146 ({Predecessor:} 7. Bg3 Nge7 8. dxc5 Bxc5 9. Be2 O-O 10. O-O Bg6 11. Nh4 a6 12. Nxg6 hxg6 {½-½ (33) Youssoupov,M (2233)-Sharif,M (2363) Chartres 2017}) 7... Bxc5 8. Nd4 {White has an edge.} Nge7 9. Nxf5 Nxf5 10. Bd3 g5 11. Bg3 Qf6 12. Qf3 h5 13. Bxf5 {[#] Black must now prevent Bc2.} Qxf5 14. Qxf5 exf5 15. h4 f6 16. O-O-O {aiming for Nb3.} Rd8 17. b4 Be7 18. b5 Ne5 19. hxg5 Ng6 20. gxf6 Bxf6 21. Nf3 Bxc3 22. Rh3 Kf7 23. Rdh1 d4 {White should prevent ...dxe3.} 24. Rxh5 dxe3 25. fxe3 Rd5 {Black wants to play ...Rc8.} 26. Rxh8 Bxh8 27. a4 Bf6 28. Rh5 Ne7 29. Bh4 $1 f4 {[#]} 30. Rh7+ (30. Rxd5 $1 $16 Nxd5 31. exf4) 30... Kg6 $11 31. Bxf6 Kxh7 32. Bxe7 fxe3 33. Kc2 Kg6 34. g4 (34. Bg5 $5 {[%cal Rg5e3]}) 34... b6 35. Bb4 e2 36. Bd2 Rd8 37. Ne5+ Kh7 (37... Kf6 $5 {[%cal Rf6e5]} 38. Nf3 Kg7 $14) 38. Nf3 (38. Kc3 $14) 38... Rg8 {The position is equal.} 39. g5 {Hoping for Kd3.} Rd8 40. Ne5 Rd4 41. Kc3 Rxa4 42. Kd3 a6 43. bxa6 b5 44. a7 Rxa7 45. Kxe2 Re7 46. Bc3 b4 47. Bd4 Rg7 48. Nf3 Re7+ 49. Kd3 Kg6 50. Bc5 Rb7 51. Nd2 Rd7+ 52. Ke3 Rxd2 53. Kxd2 Kxg5 54. Bxb4 {Precision: White = 80%, Black = 70%.} 1/2-1/2

[Event "World Team-ch 2017"]
[Site "Khanty-Mansyisk"]
[Date "2017.06.18"]
[Round "2"]
[White "Kravtsiv, Martyn"]
[Black "Fedorov, Alexei"]
[Result "1/2-1/2"]
[WhiteElo "2653"]
[BlackElo "2598"]
[Annotator "TA"]
[PlyCount "43"]
[EventDate "2017.??.??"]
[EventType "team-tourn"]
[EventCountry "RUS"]
[SourceTitle "playchess.com"]
[Source "ChessBase"]
[SourceQuality "1"]
[WhiteTeam "UKR"]
[BlackTeam "BLR"]
[WhiteTeamCountry "UKR"]
[BlackTeamCountry "BLR"]

{[%evp 13,43,25,25,26,22,22,27,23,18,33,36,20,29,0,17,18,8,0,11,7,23,0,7,-11,0,0,0,0,0,0,0,0]} 1. e4 c5 2. Nf3 Nc6 3. d4 cxd4 4. Nxd4 e5 5. Nb5 {[%cal Bd4b5,Bb5a3,Ba3c4][%mdl 32]} d6 6. N1c3 a6 7. Na3 Be7 8. Be3 {B32: Sicilian: Löwenthal and Kalashnikov Variations} Nf6 9. Nc4 b5 10. Nb6 {White has an edge.} Rb8 11. Nxc8 Qxc8 12. Be2 O-O 13. O-O Rd8 (13... b4 $5 {[%cal Rb4c3]} 14. Nd5 Nxe4 $11) (13... b4 14. Nd5 Nxe4 15. a4 a5 {½-½ (45) Ponomariov,R (2709)-Cornette,M (2586) chess.com INT 2017}) 14. a4 {[%cal Ra4b5]} d5 $146 ({Predecessor:} 14... b4 15. Nd5 Nxe4 {½-½ (59) Mista,A (2593)-Butkiewicz,L (2429) Poland 2016}) 15. Nxd5 Nxd5 16. exd5 {axb5 is the strong threat.} Nb4 17. axb5 (17. c4 $5) 17... Nxd5 {The position is equal.} 18. Qc1 axb5 19. Rd1 Nxe3 20. Qxe3 Qxc2 21. Qxe5 Bf6 22. Rxd8+ $1 1/2-1/2